Konformačne obmedzené analógy imunomodulátora FTY720 bakalárska práca

Saved in:
Bibliographic Details
Main Author: Mokrý, Filip
Format: Book
Language:Slovak
Published: Bratislava bakalárska práca 2014
Online Access:View in OPAC
Tags: Add Tag
No Tags, Be the first to tag this record!

MARC

LEADER 00000nam a2200000 a 4500
005 20260127134205.0
008 140929 2014 000 0 slo d
035 |a vtls010624702 
039 9 |y 201409291118  |z mschk03 
040 |a STUSCHK1  |b slo  |c STUSCHK1  |e AACR2 
100 1 |a Mokrý, Filip 
245 1 |a Konformačne obmedzené analógy imunomodulátora FTY720  |b bakalárska práca  |c Filip Mokrý 
260 |a Bratislava  |b bakalárska práca  |c 2014 
300 |a 36 s.  |b obr., schémy  |c 30 cm 
500 |a Štud. program: chémia, medicínska chémia a chemické materiály 
500 |a Štud. odbor: chémia, chemické technológie 
500 |a Školiace pracovisko: Odd. organickej chémie 
500 |a Evid. číslo: FCHPT-13569-42842 
910 |a SCHK95 
999 |c 6261  |d 6261